Statistics for Top 10 most important and famous people from Turkey

Click here to take the quiz!

General Stats

  • This quiz has been taken 36 times
  • The average score is 5 of 10

Answer Stats

HintAnswer% Correct
The founding father of the Republic of Turkey, serving as first president from 1923 until his death in 1938Mustafa Kemal Atatürk
97%
President from 2014Recep Tayyip Erdoğan
83%
Writer, author of Silent House and The White Castle, winner of Nobel Prize in Literature in 2006Orhan Pamuk
58%
Footballer who represented Turkey 112 times, scoring 51 goals, making him the nation's top goalscorer, legend of GalatasarayHakan Şükür
56%
One of the greatest monarchs of XVI century in Europe, presiding over the apex of the Ottoman Empire's economic, military and political powerSuleiman the Magnificent
56%
Sultan who conquered Constantinople and brought an end to the Byzantine EmpireMehmed II/Mehmed the Conqueror
53%
Molecular biologist specializing in DNA repair, cell cycle checkpoints, and circadian clock. Winner of Nobel Prize in Chemistry in 2015Aziz Sancar
44%
Officer, revolutionary, and convicted war criminal during World War OneEnver Pasha
39%
Terrorist who shot Pope John Paul IIMehmet Ali Ağca
33%
Politician and convicted war criminal of the late Ottoman Empire who served as leader from 1913 to 1918Talaat Pasha
28%

Score Distribution

Percentile by Number Answered

Percent of People with Each Score

Your Score History

You have not taken this quiz